| 000 | 00399 a2200157 4500 | ||
|---|---|---|---|
| 001 | 170896 | ||
| 020 | _a | ||
| 040 | _cMagnum | ||
| 100 | _aZagury, Tania | ||
| 240 | 1 | 0 |
_aOs direitos dos pais: construindo cidadaos em tempos de crise _lpor |
| 245 | 1 | 0 | _aOs direitos dos pais: construindo cidadaos em tempos de crise |
| 362 | 0 | _a1899 | |
| 440 | 1 | _aRecord | |
| 697 | _aSEM ASSUNTO | ||
| 942 | _cBK | ||
| 999 |
_c170896 _d170896 |
||